000 01937nam0a2200385 4500
001 RU\NLR\bibl\371864
005 20260407093257.0
021 _aRU
_b2003-1967
_986
035 _a(NLR Aleph) 000366379
090 _a367853
_c367853
100 _a20030219d2002 |||y0rusy50 ca
101 0 _arus
102 _aRU
105 _aa |||||||||
200 1 _aСовершенствование технологии непрерывной разливки стали и конструкций МНЛЗ
_eМежрегион. сб. науч. тр.
_fМ-во образования Рос. Федерации, Магнитог. гос. техн. ун-т им. Г.И. Носова, ОАО "Магнитог. металлург. комбинат"
_gПод ред. К.Н. Вдовина
210 _aМагнитогорск
_cМГТУ
_d2002
215 _a86 с.
_cил.
_d20
320 _aБиблиогр. в конце ст. и в подстроч. прим.
320 _aИмен. указ.: с. 84
606 0 _aСтальное литье непрерывное
_jСборники
_91491345
_3RU\NLR\auth\66641587
606 0 _aЛитейные машины для непрерывного литья
_jСборники
_91483788
_3RU\NLR\auth\66633612
610 0 _aСталь - Разливка непрерывная
675 _a669.14(082)
_v3
_zrus
686 _a53.31
_2rugasnti
686 _a34.32
_2rubbk
686 _aК616.33,27я43
702 1 _4340
_8rus
_7ca
_aВдовин
_bК. Н.
_f1945-
_gКонстантин Николаевич
_3RU\NLR\auth\7749583
_932518
712 0 2 _4570
_aМагнитогорский государственный технический университет им. Г. И. Носова
_3RU\NLR\AUTH\8824143
_9322946
801 0 _aRU
_bRKP
_c20030219
_gPSBO
801 1 _aRU
_bRKP
_c20030219
801 2 _aRU
_bNLR
_c20070316
_grcr
942 _cBOOK
980 _aNB
980 _aNBR